000 00483nam a2200217 454500
001 085242
003 BD-ChCU
008 Eng
020 _a9781402081675
040 _aDLC
_cDLC
_dBD-ChCU
082 0 0 _a142.78/B223e
100 1 _aBar-Am,Nimrod
_b
245 1 0 _aExtensionalism:
_bthe revolution in logic
250 _a
260 _aIsrael
_bSpringer
_c2008
300 _a171
504 _a
650 0 _aExtensionalism
_bPhilosophy
700 1 _a
942 _2ddc
_cBK
999 _c85242
_d85242